banner-ar

كتاب الشكوك للرازى : (Record no. 59956)

MARC details
000 -الفاتح
حقل البيانات ثابتة الطول 01328nam a22002897a 4500
005 - وقت وتاريخ اخر تعامل مع التسجيلة
رقم الضبط 20240530110345.0
008 - عناصر البيانات ثابتة الطول - معلومات عامة
حقل البيانات ثابتة الطول 141202s2009 ua gr 001 0 ara d
017 ## - رقم الايداع القانونى
رقم الايداع القانونى 17644/2009
المصدر ( الهيئة المختصة) مصر . دار الكتب المصرية
020 ## - الرقم الدولى المعيارى للكتب
الرقم الدولى المعيارى للكتاب 9771806645
040 ## - مصدر الفهرسة
وكالة الفهرسة الأصلية EG-CaGPL
041 0# - رمز اللغة
رمز لغة النص/ المسارات الصوتية أو العنوان الانفرادي ara
082 04 - رقم تصنيف ديوى العشرى
رقم الطبعة 21
رقم التصنيف 189.1\
رقم المادة رك
100 1# - المدخل الرئيسى - إسم شخصى
الإسم الشخصى الرازى
التواريخ المصاحبة للاسم ت 320 هـ - 932 م
الشكل الأكمل للاسم الرازى ، ابو بكر محمد بن زكريا الطبيب
245 10 - بيان العنوان
العنوان كتاب الشكوك للرازى :
بقية العنوان على كلام فاضل الاطباء جالينوس فى الكتب البى نسبت اليه /
بيان المسئوليه,etc الرازى ؛ تحقيق وتقديم مصطفى لبيب عبدالغنى
246 ## - العنوان الموازى
عنوان صحيح/عنوان مختصر Kitab Al - Shukuk Ala Jalinus :
بقية العنوان Dubitaiones in Galeum
260 ## - PUBLICATION, DISTRIBUTION, ETC. (IMPRINT)
تاريخ النشر أو التوزيع 2009
300 ## - الوصف المادى
التعداد 252 + 6 ص ؛
أبعاد الوعاء 24 سم
504 ## - تبصرة ببليوجرافية
تبصرة ببليوجرافية,الخ ببليوجرافية : ص 247 - 250
600 04 - المدخل الاضافى بالموضوع-اسم شخصى
الإسم الشخصى جالينوس ( طبيب يونانى )
600 04 - المدخل الاضافى بالموضوع-اسم شخصى
الإسم الشخصى الرازى
650 04 - المدخل الاضافى بالموضوع-مصطلح موضوعى
مصطلح موضوعي الفلسفة الاسلامية
650 04 - المدخل الاضافى بالموضوع-مصطلح موضوعى
مصطلح موضوعي الطب
التقسيم الفرعي العام فلسفة
650 04 - المدخل الاضافى بالموضوع-مصطلح موضوعى
مصطلح موضوعي الطب
التقسيم الفرعي العام تاريخ
التقسيم الفرعي الزمني اليونان
700 0# - المدخل الاضافى - اسم شخصى
الإسم الشخصى مصطفى لبيب عبدالغنى
الدور محقق ومقدم
942 ## - عناصر المدخل الإضافي( كوها)
مصدر التصنيف او مخطط الترفيف Dewey Decimal Classification
Koha [default] item type كتاب
260 ## - PUBLICATION, DISTRIBUTION, ETC. (IMPRINT)
-- القاهرة :
-- مطبعة دار الكتب والوثائق القومية بالقاهرة ،
Holdings
حالة التراجع حالة الفقد حالة تلف ليس للاعارة المكان المؤقت الموقع الحالى تاريخ الاكتساب اجمالي اﻻعارات رقم الطلب الباركود تاريخ اخر مشاهدة تاريخ تفعيل السعر نوع وعاء كوها
        مكتبة القاهرة الكبرى مكتبة القاهرة الكبرى 12/02/2014   189.1\ رك 158921 12/02/2014 12/02/2014 كتاب

Powered By

EGPV